Normal view
MARC view
Entry Personal Name
001 - CONTROL NUMBER
- control field: 159817
003 - CONTROL NUMBER IDENTIFIER
- control field: OSt
005 - DATE AND TIME OF LATEST TRANSACTION
- control field: 20220923211221.0
008 - FIXED-LENGTH DATA ELEMENTS
- fixed length control field: 220923|| aca||aabn | a|a d
040 ## - CATALOGING SOURCE
- Original cataloging agency: OSt
- Transcribing agency: OSt
100 ## - HEADING--PERSONAL NAME
- Personal name: वात्स्यायन, सच्चिदानन्द हीरानन्द 'अज्ञेय', 'अज्ञेय'
670 ## - SOURCE DATA FOUND
- Source citation: Work cat.: (OSt)297088: वात्स्यायन, सच्चिदानन्द हीरानन्द 'अज्ञेय', 'अज्ञेय', अरे यायावर रहेगा याद ?, 2015
